[Event "71st RUS-ch Higher League 2018"]
[Site "Yaroslavl"]
[Date "2018.06.26"]
[Round "1"]
[White "Ovetchkin, Roman"]
[Black "Gordievsky, Dmitry"]
[Result "1/2-1/2"]
[WhiteElo "2546"]
[BlackElo "2641"]
[Annotator "ChessBase"]
[PlyCount "126"]
[EventDate "2018.06.26"]
[EventType "swiss"]
[EventCountry "RUS"]
[SourceTitle "playchess.com"]
[Source "ChessBase"]
[SourceQuality "1"]
[TimeControl "40/5400+30:1800+30"]

1. e4 {[%emt 0:00:00]} c5 {[%emt 0:01:32]} 2. Nf3 {[%emt 0:00:00]} e6 {[%emt 0:00:55]} 3. d4 {[%emt 0:00:00]} cxd4 {[%emt 0:00:07]} 4. Nxd4 {[%emt 0:00:10]} a6 {[%emt 0:00:30]} 5. Bd3 {[%emt 0:05:47]} Ne7 {[%emt 0:03:47]} 6. O-O {[%emt 0:02:40]} Nec6 {[%emt 0:01:14]} 7. Nb3 {[%emt 0:00:52]} Be7 {[%emt 0:01:06]} 8. Nc3 {[%emt 0:00:43]} d6 {[%emt 0:04:12]} 9. Be3 {[%emt 0:04:01]} Nd7 {[%emt 0:01:44]} 10. f4 {[%emt 0:03:49]} b5 {[%emt 0:04:51]} 11. Kh1 {[%emt 0:12:03]} Bb7 {[%emt 0:03:25]} 12. a3 {[%emt 0:13:03]} O-O {[%emt 0:05:31]} 13. Qh5 {[%emt 0:04:02]} Re8 {[%emt 0:19:06]} 14. Rad1 {[%emt 0:02:06]} b4 {[%emt 0:05:20]} 15. Na4 {[%emt 0:05:22]} bxa3 {[%emt 0:02:16]} 16. bxa3 {[%emt 0:00:32]} Qc7 {[%emt 0:01:36]} 17. Rf3 {[%emt 0:05:44]} g6 {[%emt 0:01:55]} 18. Qh6 {[%emt 0:01:27]} Bf8 {[%emt 0:03:11]} 19. Qh4 {[%emt 0:00:53]} Bg7 {[%emt 0:02:15]} 20. Qf2 {[%emt 0:02:17]} Rab8 {[%emt 0:06:08]} 21. Nb6 {[%emt 0:09:31]} Nf6 {[%emt 0:02:09]} 22. Qh4 {[%emt 0:00:31]} Ne7 {[%emt 0:02:03]} 23. Nd2 {[%emt 0:02:30]} h5 {[%emt 0:04:02]} 24. Rff1 {[%emt 0:04:02]} d5 {[%emt 0:04:11]} 25. e5 {[%emt 0:01:59]} Ng4 {[%emt 0:08:07]} 26. Bg1 {[%emt 0:02:51]} Bc6 {[%emt 0:00:03]} 27. Rb1 {[%emt 0:05:11]} Bb5 {[%emt 0:00:13]} 28. c4 {[%emt 0:06:23]} dxc4 {[%emt 0:00:07]} 29. Nbxc4 {[%emt 0:00:10]} Red8 {[%emt 0:00:58]} 30. Qg3 {[%emt 0:00:42]} Nd5 {[%emt 0:08:06]} 31. Rbc1 {[%emt 0:00:38]} Rbc8 {[%emt 0:02:00]} 32. Ne4 {[%emt 0:01:40]} Nde3 {[%emt 0:03:15]} 33. Nxe3 {[%emt 0:02:11]} Qxc1 {[%emt 0:00:04]} 34. Rxc1 {[%emt 0:00:33]} Rxc1 {[%emt 0:00:15]} 35. Bxb5 {[%emt 0:00:13]} axb5 {[%emt 0:00:26]} 36. Nxg4 {[%emt 0:01:01]} hxg4 {[%emt 0:00:13]} 37. Nc3 {[%emt 0:02:21]} Bf8 {[%emt 0:00:53]} 38. Qe3 {[%emt 0:00:02]} Bxa3 {[%emt 0:00:37]} 39. f5 {[%emt 0:00:08]} exf5 {[%emt 0:00:43]} 40. e6 {[%emt 0:00:00]} Re8 {[%emt 0:00:51]} 41. exf7+ {[%emt 0:00:36]} Kxf7 {[%emt 0:00:21]} 42. Qa7+ {[%emt 0:00:34]} Be7 {[%emt 0:00:48]} 43. Nxb5 {[%emt 0:00:31]} Rd8 {[%emt 0:09:45]} 44. Nd4 {[%emt 0:00:49]} Re1 {[%emt 0:05:53]} 45. Qa2+ {[%emt 0:01:18]} Kg7 {[%emt 0:00:07]} 46. Qf2 {[%emt 0:07:53]} Re4 {[%emt 0:02:29]} 47. Nc2 {[%emt 0:04:16]} Rd1 {[%emt 0:02:25]} 48. g3 {[%emt 0:03:24]} Bg5 {[%emt 0:00:51]} 49. Qa7+ {[%emt 0:00:36]} Re7 {[%emt 0:01:33]} 50. Qa4 {[%emt 0:02:14]} Re4 {[%emt 0:00:46]} 51. Qb3 {[%emt 0:00:19]} Kh6 {[%emt 0:03:44]} 52. Qc3 {[%emt 0:03:10]} Kh5 {[%emt 0:00:04]} 53. h3 {[%emt 0:03:50]} Re2 {[%emt 0:03:36]} 54. hxg4+ {[%emt 0:00:18]} Kxg4 {[%emt 0:04:05]} 55. Qc4+ {[%emt 0:01:07]} Re4 {[%emt 0:00:01]} 56. Qb3 {[%emt 0:00:07]} Rd2 {[%emt 0:00:30]} 57. Ne3+ {[%emt 0:03:34]} Bxe3 {[%emt 0:00:03]} 58. Bxe3 {[%emt 0:00:04]} Re2 {[%emt 0:00:02]} 59. Bb6 {[%emt 0:00:47]} Kh3 {[%emt 0:00:09]} 60. Bg1 {[%emt 0:00:37]} Kg4 {[%emt 0:00:34]} 61. Qc3 {[%emt 0:03:43]} g5 {[%emt 0:00:20]} 62. Bc5 {[%emt 0:01:14]} Kh3 {[%emt 0:00:30]} 63. Bg1 {[%emt 0:00:10]} Kg4 {[%emt 0:01:45]} 1/2-1/2

[Event "71st RUS-ch Higher League 2018"]
[Site "Yaroslavl"]
[Date "2018.06.26"]
[Round "1"]
[White "Lobanov, Sergei"]
[Black "Zvjaginsev, Vadim"]
[Result "1/2-1/2"]
[WhiteElo "2521"]
[BlackElo "2633"]
[Annotator "ChessBase"]
[PlyCount "80"]
[EventDate "2018.06.26"]
[EventType "swiss"]
[EventCountry "RUS"]
[SourceTitle "playchess.com"]
[Source "ChessBase"]
[SourceQuality "1"]
[TimeControl "40/5400+30:1800+30"]

1. e4 {[%emt 0:00:00]} c5 {[%emt 0:00:22]} 2. Nf3 {[%emt 0:00:00]} Nc6 {[%emt 0:00:05]} 3. d4 {[%emt 0:00:00]} cxd4 {[%emt 0:00:09]} 4. Nxd4 {[%emt 0:00:00]} Nf6 {[%emt 0:00:32]} 5. Nc3 {[%emt 0:00:03]} g6 {[%emt 0:00:07]} 6. Nxc6 {[%emt 0:00:24]} dxc6 {[%emt 0:00:04]} 7. Qxd8+ {[%emt 0:00:05]} Kxd8 {[%emt 0:00:04]} 8. Bc4 {[%emt 0:00:17]} Bg7 {[%emt 0:00:08]} 9. a4 {[%emt 0:01:39]} Rf8 {[%emt 0:04:38]} 10. a5 {[%emt 0:02:10]} Ne8 {[%emt 0:07:15]} 11. f3 {[%emt 0:23:00]} Nd6 {[%emt 0:05:28]} 12. Bb3 {[%emt 0:00:54]} Nb5 {[%emt 0:19:50]} 13. Nxb5 {[%emt 0:08:16]} cxb5 {[%emt 0:00:35]} 14. c3 {[%emt 0:00:08]} Be6 {[%emt 0:08:55]} 15. Bxe6 {[%emt 0:01:18]} fxe6 {[%emt 0:00:05]} 16. Be3 {[%emt 0:01:19]} Kc7 {[%emt 0:04:10]} 17. Ke2 {[%emt 0:01:15]} Kc6 {[%emt 0:03:35]} 18. h4 {[%emt 0:10:33]} h5 {[%emt 0:00:27]} 19. g4 {[%emt 0:10:39]} b6 {[%emt 0:04:25]} 20. gxh5 {[%emt 0:14:52]} gxh5 {[%emt 0:00:12]} 21. axb6 {[%emt 0:04:53]} axb6 {[%emt 0:00:37]} 22. Rxa8 {[%emt 0:00:03]} Rxa8 {[%emt 0:00:07]} 23. Rg1 {[%emt 0:00:11]} Bf6 {[%emt 0:04:14]} 24. f4 {[%emt 0:00:48]} e5 {[%emt 0:01:42]} 25. fxe5 {[%emt 0:00:23]} Bxe5 {[%emt 0:00:24]} 26. Rg6+ {[%emt 0:01:04]} Kd7 {[%emt 0:00:53]} 27. Rxb6 {[%emt 0:07:51]} Ra2 {[%emt 0:00:29]} 28. Rxb5 {[%emt 0:03:02]} Bxc3 {[%emt 0:00:07]} 29. Kf3 {[%emt 0:03:33]} Rxb2 {[%emt 0:02:04]} 30. Rxh5 {[%emt 0:00:06]} Ke6 {[%emt 0:01:32]} 31. Rc5 {[%emt 0:01:40]} Rb3 {[%emt 0:06:47]} 32. Rc6+ {[%emt 0:00:33]} Kf7 {[%emt 0:03:33]} 33. Kg4 {[%emt 0:00:24]} Be5 {[%emt 0:04:44]} 34. Bg5 {[%emt 0:01:48]} Rb4 {[%emt 0:02:55]} 35. Kf5 {[%emt 0:00:30]} Bd6 {[%emt 0:00:23]} 36. Bf4 {[%emt 0:01:56]} e6+ {[%emt 0:01:06]} 37. Kg4 {[%emt 0:00:20]} Rxe4 {[%emt 0:00:32]} 38. Rxd6 {[%emt 0:00:05]} e5 {[%emt 0:00:04]} 39. Kf5 {[%emt 0:00:14]} Rxf4+ {[%emt 0:00:04]} 40. Kxe5 {[%emt 0:00:00]} Rxh4 {[%emt 0:00:06] Ke4} 1/2-1/2

[Event "71st RUS-ch Higher League 2018"]
[Site "Yaroslavl"]
[Date "2018.06.26"]
[Round "1"]
[White "Sviridov, Valery"]
[Black "Romanov, Evgeny"]
[Result "1/2-1/2"]
[WhiteElo "2514"]
[BlackElo "2628"]
[Annotator "RC"]
[PlyCount "80"]
[EventDate "2018.06.26"]
[EventType "swiss"]
[EventCountry "RUS"]
[SourceTitle "playchess.com"]
[Source "ChessBase"]
[SourceQuality "1"]
[TimeControl "40/5400+30:1800+30"]

1. Nf3 {[%emt 0:00:00]} d5 {[%emt 0:03:45]} 2. g3 {[%emt 0:00:12]} g6 {[%emt 0:00:24]} 3. Bg2 {[%emt 0:00:29]} Bg7 {[%emt 0:00:09]} 4. O-O {[%emt 0:00:50]} e5 {[%emt 0:01:32]} 5. d3 {[%emt 0:01:03]} Ne7 {[%emt 0:02:34]} 6. e4 {[%emt 0:01:07]} O-O {[%emt 0:01:06]} 7. exd5 {[%emt 0:06:11]} Nxd5 {[%emt 0:00:59]} 8. Nc3 {[%emt 0:01:08]} Nxc3 {[%emt 0:05:53]} 9. bxc3 {[%emt 0:00:57]} Nc6 {[%emt 0:01:11]} 10. Rb1 {[%emt 0:02:18]} Rb8 {[%emt 0:03:34]} 11. Re1 {[%emt 0:04:32]} h6 {[%emt 0:07:11]} 12. Nd2 {[%emt 0:05:27]} Be6 {[%emt 0:03:47]} 13. Ba3 {[%emt 0:03:47]} Re8 {[%emt 0:01:29]} 14. Rxb7 {[%emt 0:00:26]} Rxb7 {[%emt 0:00:25]} 15. Bxc6 {[%emt 0:00:09]} Rb6 {[%emt 0:03:12]} 16. Bxe8 {[%emt 0:01:18]} Qxe8 {[%emt 0:00:02]} 17. c4 {[%emt 0:02:43]} Qa4 {[%emt 0:01:21]} 18. Qc1 {[%emt 0:07:44]} Bh3 {[%emt 0:00:26]} 19. f3 {[%emt 0:09:22]} Ra6 {[%emt 0:05:06]} 20. Bc5 {[%emt 0:08:18]} Qc6 {[%emt 0:01:55]} 21. Bf2 {[%emt 0:05:24]} Rxa2 {[%emt 0:00:53]} 22. Ne4 {[%emt 0:01:25]} f5 {[%emt 0:05:00]} 23. Qb1 {[%emt 0:01:00]} Ra6 {[%emt 0:05:10]} 24. Nd2 {[%emt 0:00:17]} h5 {[%emt 0:07:30]} 25. Qb5 {[%emt 0:03:56]} Qxb5 {[%emt 0:03:19]} 26. cxb5 {[%emt 0:00:08]} Ra2 {[%emt 0:00:04]} 27. Nc4 {[%emt 0:00:53]} e4 {[%emt 0:03:19]} 28. fxe4 {[%emt 0:06:01]} fxe4 {[%emt 0:00:07]} 29. Rxe4 {[%emt 0:08:32]} Rxc2 {[%emt 0:01:23]} 30. Re8+ {[%emt 0:03:33]} Kf7 {[%emt 0:01:56]} 31. Re1 {[%emt 0:00:12]} Rc3 {[%emt 0:18:59]} 32. Bxa7 {[%emt 0:04:21]} Rxd3 {[%emt 0:00:11]} 33. Ne5+ {[%emt 0:03:04]} Bxe5 {[%emt 0:00:07]} 34. Rxe5 {[%emt 0:00:04]} Rf3 {[%emt 0:02:05]} 35. Re1 {[%emt 0:00:41]} Rb3 {[%emt 0:00:38]} 36. Rc1 {[%emt 0:00:25]} Rxb5 {[%emt 0:00:25]} 37. Rxc7+ {[%emt 0:00:07]} Ke6 {[%emt 0:00:06]} 38. Rc6+ {[%emt 0:00:43]} Kf5 {[%emt 0:04:15]} 39. Rc5+ {[%emt 0:00:17]} Rxc5 {[%emt 0:00:05]} 40. Bxc5 {[%emt 0:00:00]} Ke4 {[%emt 0:00:05]} 1/2-1/2

[Event "71st RUS-ch Higher League 2018"]
[Site "Yaroslavl"]
[Date "2018.06.26"]
[Round "1"]
[White "Goryachkina, Aleksandra"]
[Black "Alekseev, Evgeny"]
[Result "1-0"]
[WhiteElo "2505"]
[BlackElo "2627"]
[Annotator "ChessBase"]
[PlyCount "117"]
[EventDate "2018.06.26"]
[EventType "swiss"]
[EventCountry "RUS"]
[SourceTitle "playchess.com"]
[Source "ChessBase"]
[SourceQuality "1"]
[TimeControl "40/5400+30:1800+30"]

1. d4 {[%emt 0:00:00]} Nf6 {[%emt 0:05:31]} 2. c4 {[%emt 0:00:00]} e6 {[%emt 0:00:16]} 3. g3 {[%emt 0:00:01]} c5 {[%emt 0:02:21]} 4. d5 {[%emt 0:00:15]} exd5 {[%emt 0:01:39]} 5. cxd5 {[%emt 0:00:08]} d6 {[%emt 0:00:14]} 6. Nc3 {[%emt 0:00:15]} g6 {[%emt 0:00:55]} 7. Nf3 {[%emt 0:00:40]} Bg7 {[%emt 0:01:02]} 8. Bg2 {[%emt 0:00:15]} O-O {[%emt 0:01:33]} 9. O-O {[%emt 0:00:10]} Nbd7 {[%emt 0:01:02]} 10. Bf4 {[%emt 0:01:57]} Qe7 {[%emt 0:03:20]} 11. a4 {[%emt 0:01:33]} Ng4 {[%emt 0:04:59]} 12. Bg5 {[%emt 0:04:50]} f6 {[%emt 0:04:20]} 13. Bd2 {[%emt 0:01:54]} Nde5 {[%emt 0:04:01]} 14. h3 {[%emt 0:02:35]} Nxf3+ {[%emt 0:04:06]} 15. exf3 {[%emt 0:02:58]} Ne5 {[%emt 0:01:33]} 16. Re1 {[%emt 0:03:33]} Qd8 {[%emt 0:04:29]} 17. Bf1 {[%emt 0:03:14]} g5 {[%emt 0:06:08]} 18. f4 {[%emt 0:12:00]} Ng6 {[%emt 0:08:03]} 19. Ne2 {[%emt 0:15:35]} Bd7 {[%emt 0:07:17]} 20. Qc2 {[%emt 0:03:31]} Qc8 {[%emt 0:08:24]} 21. Kh2 {[%emt 0:01:40]} Bh6 {[%emt 0:00:47]} 22. Ra3 {[%emt 0:02:49]} Rf7 {[%emt 0:08:52]} 23. Bg2 {[%emt 0:02:58]} gxf4 {[%emt 0:04:50]} 24. Nxf4 {[%emt 0:01:13]} Bxf4 {[%emt 0:00:53]} 25. Bxf4 {[%emt 0:03:16]} Nxf4 {[%emt 0:00:45]} 26. gxf4 {[%emt 0:00:05]} Qf8 {[%emt 0:01:23]} 27. Be4 {[%emt 0:01:43]} Re8 {[%emt 0:04:45]} 28. Rg1+ {[%emt 0:09:54]} Kh8 {[%emt 0:00:06]} 29. Bf5 {[%emt 0:03:02]} Qh6 {[%emt 0:03:14]} 30. Rg4 {[%emt 0:01:29]} Qh5 {[%emt 0:00:37]} 31. Be6 {[%emt 0:02:57]} Bxe6 {[%emt 0:03:40]} 32. dxe6 {[%emt 0:00:02]} Rxe6 {[%emt 0:00:11]} 33. Rag3 {[%emt 0:04:03]} Re8 {[%emt 0:03:14]} 34. Qe2 {[%emt 0:05:35]} Rg7 {[%emt 0:00:11]} 35. Qxe8+ {[%emt 0:00:38]} Qxe8 {[%emt 0:00:05]} 36. Rxg7 {[%emt 0:00:05]} h5 {[%emt 0:02:42]} 37. R7g6 {[%emt 0:03:57]} Qf8 {[%emt 0:00:59]} 38. Re3 {[%emt 0:03:23]} Kh7 {[%emt 0:00:26]} 39. f5 {[%emt 0:00:26]} d5 {[%emt 0:00:25]} 40. Re6 {[%emt 0:00:00]} Qb8+ {[%emt 0:00:29]} 41. Kg1 {[%emt 0:04:21]} Qf4 {[%emt 0:12:25]} 42. Rexf6 {[%emt 0:02:09]} Qc1+ {[%emt 0:00:31]} 43. Kg2 {[%emt 0:00:27]} Qf4 {[%emt 0:00:18]} 44. Rf7+ {[%emt 0:07:23]} Kh8 {[%emt 0:00:16]} 45. Re6 {[%emt 0:03:21]} Kg8 {[%emt 0:01:24]} 46. Rxb7 {[%emt 0:00:52]} Kf8 {[%emt 0:02:01]} 47. f6 {[%emt 0:03:16]} Qg5+ {[%emt 0:04:29]} 48. Kf1 {[%emt 0:01:00]} Qg6 {[%emt 0:00:08]} 49. Rxa7 {[%emt 0:02:40]} Qd3+ {[%emt 0:01:05]} 50. Kg2 {[%emt 0:03:38]} Qg6+ {[%emt 0:00:22]} 51. Kh2 {[%emt 0:01:00]} Qc2 {[%emt 0:00:11]} 52. Kg3 {[%emt 0:01:34]} d4 {[%emt 0:03:42]} 53. Ree7 {[%emt 0:02:41]} Qg6+ {[%emt 0:07:54]} 54. Kh2 {[%emt 0:00:21]} Qxf6 {[%emt 0:00:06]} 55. Rf7+ {[%emt 0:00:36]} Qxf7 {[%emt 0:00:04]} 56. Rxf7+ {[%emt 0:00:05]} Kxf7 {[%emt 0:00:02]} 57. Kg2 {[%emt 0:00:21]} Ke6 {[%emt 0:00:05]} 58. b3 {[%emt 0:01:49]} Kd5 {[%emt 0:00:21]} 59. Kf3 {[%emt 0:00:36]} 1-0

[Event "71st RUS-ch Higher League 2018"]
[Site "Yaroslavl"]
[Date "2018.06.26"]
[Round "1"]
[White "Sek, Konstantin"]
[Black "Ponkratov, Pavel"]
[Result "0-1"]
[WhiteElo "2476"]
[BlackElo "2622"]
[Annotator "ChessBase"]
[PlyCount "74"]
[EventDate "2018.06.26"]
[EventType "swiss"]
[EventCountry "RUS"]
[SourceTitle "playchess.com"]
[Source "ChessBase"]
[SourceQuality "1"]
[TimeControl "40/5400+30:1800+30"]

1. e4 {[%emt 0:00:00]} c5 {[%emt 0:00:08]} 2. Nf3 {[%emt 0:00:00]} d6 {[%emt 0:00:05]} 3. d4 {[%emt 0:00:00]} cxd4 {[%emt 0:00:03]} 4. Nxd4 {[%emt 0:00:00]} Nf6 {[%emt 0:00:04]} 5. Nc3 {[%emt 0:00:00]} a6 {[%emt 0:00:03]} 6. Nb3 {[%emt 0:00:36]} Nbd7 {[%emt 0:01:24]} 7. g4 {[%emt 0:03:05]} h6 {[%emt 0:03:08]} 8. Bg2 {[%emt 0:04:39]} g5 {[%emt 0:00:31]} 9. f4 {[%emt 0:02:55]} gxf4 {[%emt 0:13:03]} 10. Bxf4 {[%emt 0:00:18]} e5 {[%emt 0:00:25]} 11. Bg3 {[%emt 0:05:23]} Rg8 {[%emt 0:00:59]} 12. Qf3 {[%emt 0:09:49]} Nxg4 {[%emt 0:18:00]} 13. Bh3 {[%emt 0:16:08]} Nb6 {[%emt 0:07:35]} 14. O-O-O {[%emt 0:16:09]} Be6 {[%emt 0:05:10]} 15. Kb1 {[%emt 0:02:55]} Qc7 {[%emt 0:02:13]} 16. Rhg1 {[%emt 0:09:10]} h5 {[%emt 0:02:06]} 17. Nd5 {[%emt 0:08:09]} Nxd5 {[%emt 0:03:14]} 18. exd5 {[%emt 0:00:11]} Bd7 {[%emt 0:04:10]} 19. Bg2 {[%emt 0:06:25]} f5 {[%emt 0:09:13]} 20. h3 {[%emt 0:00:54]} Nf6 {[%emt 0:00:54]} 21. Bh4 {[%emt 0:00:15]} Be7 {[%emt 0:00:06]} 22. Bxf6 {[%emt 0:03:41]} Bxf6 {[%emt 0:00:05]} 23. Qxh5+ {[%emt 0:00:03]} Ke7 {[%emt 0:00:04]} 24. Qe2 {[%emt 0:06:32]} Rac8 {[%emt 0:04:14]} 25. Bf3 {[%emt 0:01:04]} Qb6 {[%emt 0:01:45]} 26. Rxg8 {[%emt 0:00:13]} Rxg8 {[%emt 0:00:05]} 27. Nd4 {[%emt 0:02:05]} Kd8 {[%emt 0:00:46]} 28. Nb3 {[%emt 0:01:38]} a5 {[%emt 0:01:09]} 29. Qd2 {[%emt 0:00:48]} a4 {[%emt 0:00:12]} 30. Na5 {[%emt 0:01:06]} e4 {[%emt 0:03:00]} 31. Nc4 {[%emt 0:00:04]} Qc5 {[%emt 0:00:03]} 32. Be2 {[%emt 0:00:39]} Rg1 {[%emt 0:00:12]} 33. Qh6 {[%emt 0:00:58]} Bg7 {[%emt 0:01:38]} 34. Qc1 {[%emt 0:00:30]} Rxd1 {[%emt 0:00:18]} 35. Qxd1 {[%emt 0:00:01]} b5 {[%emt 0:00:27]} 36. Nd2 {[%emt 0:00:59]} Qb4 {[%emt 0:01:30]} 37. Qc1 {[%emt 0:00:11]} Bxb2 {[%emt 0:00:27]} 0-1

[Event "71st RUS-ch Higher League 2018"]
[Site "Yaroslavl"]
[Date "2018.06.26"]
[Round "1"]
[White "Yanchenko, Roman"]
[Black "Antipov, Mikhail Al"]
[Result "1/2-1/2"]
[WhiteElo "2462"]
[BlackElo "2616"]
[Annotator "ChessBase"]
[PlyCount "182"]
[EventDate "2018.06.26"]
[EventType "swiss"]
[EventCountry "RUS"]
[SourceTitle "playchess.com"]
[Source "ChessBase"]
[SourceQuality "1"]
[TimeControl "40/5400+30:1800+30"]

1. d4 {[%emt 0:00:00]} Nf6 {[%emt 0:00:05]} 2. c4 {[%emt 0:00:00]} c6 {[%emt 0:00:05]} 3. Nf3 {[%emt 0:00:00]} d5 {[%emt 0:00:05]} 4. e3 {[%emt 0:00:00]} Bf5 {[%emt 0:00:04]} 5. Nc3 {[%emt 0:00:00]} a6 {[%emt 0:00:27]} 6. Qb3 {[%emt 0:00:00]} Ra7 {[%emt 0:00:17]} 7. Nh4 {[%emt 0:00:55]} Be6 {[%emt 0:21:30]} 8. Bd3 {[%emt 0:08:12]} dxc4 {[%emt 0:09:46]} 9. Bxc4 {[%emt 0:00:02]} Bxc4 {[%emt 0:00:06]} 10. Qxc4 {[%emt 0:00:03]} b5 {[%emt 0:00:06]} 11. Qe2 {[%emt 0:01:31]} e6 {[%emt 0:17:25]} 12. O-O {[%emt 0:01:37]} c5 {[%emt 0:03:43]} 13. dxc5 {[%emt 0:10:33]} Bxc5 {[%emt 0:00:29]} 14. e4 {[%emt 0:00:08]} Nc6 {[%emt 0:04:15]} 15. Nf3 {[%emt 0:01:14]} Nd4 {[%emt 0:02:38]} 16. Nxd4 {[%emt 0:01:52]} Bxd4 {[%emt 0:00:07]} 17. Be3 {[%emt 0:02:26]} Rd7 {[%emt 0:12:18]} 18. Bxd4 {[%emt 0:03:38]} Rxd4 {[%emt 0:00:05]} 19. e5 {[%emt 0:01:03]} Nd5 {[%emt 0:01:59]} 20. Rad1 {[%emt 0:02:12]} Nxc3 {[%emt 0:01:32]} 21. bxc3 {[%emt 0:00:01]} Rxd1 {[%emt 0:00:55]} 22. Rxd1 {[%emt 0:00:02]} Qa5 {[%emt 0:01:38]} 23. Rd3 {[%emt 0:13:18]} O-O {[%emt 0:02:55]} 24. h4 {[%emt 0:01:28]} h6 {[%emt 0:04:02]} 25. Rg3 {[%emt 0:03:34]} b4 {[%emt 0:03:58]} 26. cxb4 {[%emt 0:06:24]} Qxb4 {[%emt 0:00:06]} 27. Rg4 {[%emt 0:01:23]} Qa5 {[%emt 0:04:16]} 28. Kh2 {[%emt 0:06:57]} Rc8 {[%emt 0:02:55]} 29. Qe3 {[%emt 0:01:54]} Rc3 {[%emt 0:03:17]} 30. Qf4 {[%emt 0:00:44]} h5 {[%emt 0:00:53]} 31. Rg5 {[%emt 0:00:31]} g6 {[%emt 0:00:05]} 32. Qf6 {[%emt 0:07:44]} Qd5 {[%emt 0:00:28]} 33. Rg3 {[%emt 0:01:27]} Rxg3 {[%emt 0:03:37]} 34. Kxg3 {[%emt 0:00:06]} a5 {[%emt 0:00:45]} 35. f4 {[%emt 0:03:03]} a4 {[%emt 0:00:28]} 36. Qe7 {[%emt 0:01:04]} Qd3+ {[%emt 0:00:38]} 37. Kh2 {[%emt 0:00:08]} Qd4 {[%emt 0:00:06]} 38. Qg5 {[%emt 0:01:13]} a3 {[%emt 0:00:45]} 39. Qg3 {[%emt 0:00:49]} Qb2 {[%emt 0:00:37]} 40. Qd3 {[%emt 0:00:00]} Kg7 {[%emt 0:00:31]} 41. Qd8 {[%emt 0:01:45]} Qc1 {[%emt 0:03:03]} 42. Qf6+ {[%emt 0:01:35]} Kg8 {[%emt 0:00:06]} 43. Qd8+ {[%emt 0:00:03]} Kh7 {[%emt 0:00:10]} 44. Qf6 {[%emt 0:03:46]} Qc7 {[%emt 0:00:09]} 45. Qg5 {[%emt 0:00:58]} Kg7 {[%emt 0:01:27]} 46. Qf6+ {[%emt 0:05:42]} Kg8 {[%emt 0:00:09]} 47. Qg5 {[%emt 0:00:06]} Kg7 {[%emt 0:03:41]} 48. Qf6+ {[%emt 0:00:08]} Kh7 {[%emt 0:00:07]} 49. Qg5 {[%emt 0:02:43]} Kg8 {[%emt 0:01:17]} 50. Qg3 {[%emt 0:03:15]} Qc1 {[%emt 0:00:18]} 51. Qf2 {[%emt 0:01:32]} Qb2 {[%emt 0:02:10]} 52. Kg3 {[%emt 0:00:06]} Kg7 {[%emt 0:01:14]} 53. Kf3 {[%emt 0:00:10]} Qb7+ {[%emt 0:02:57]} 54. Ke3 {[%emt 0:01:11]} Qb6+ {[%emt 0:00:08]} 55. Ke2 {[%emt 0:00:33]} Qb5+ {[%emt 0:02:06]} 56. Ke3 {[%emt 0:00:06]} Qc5+ {[%emt 0:00:19]} 57. Kf3 {[%emt 0:00:07]} Qc6+ {[%emt 0:00:07]} 58. Ke3 {[%emt 0:00:13]} Qc3+ {[%emt 0:00:31]} 59. Ke4 {[%emt 0:00:42]} Kg8 {[%emt 0:02:53]} 60. Qe2 {[%emt 0:15:27]} Kh7 {[%emt 0:04:48]} 61. Qf2 {[%emt 0:03:24]} Kg7 {[%emt 0:00:08]} 62. g3 {[%emt 0:04:12]} Kg8 {[%emt 0:01:55]} 63. Qd4 {[%emt 0:00:08]} Qxg3 {[%emt 0:09:41]} 64. Qd8+ {[%emt 0:00:05]} Kg7 {[%emt 0:00:05]} 65. Qf6+ {[%emt 0:00:03]} Kg8 {[%emt 0:00:04]} 66. Qd8+ {[%emt 0:00:03]} Kh7 {[%emt 0:00:04]} 67. Qe7 {[%emt 0:00:30]} Qg2+ {[%emt 0:00:39]} 68. Ke3 {[%emt 0:00:38]} Qh3+ {[%emt 0:00:24]} 69. Kd4 {[%emt 0:00:22]} Qf5 {[%emt 0:01:16]} 70. Qf6 {[%emt 0:05:15]} Kg8 {[%emt 0:00:05]} 71. Kc5 {[%emt 0:00:48]} Qc2+ {[%emt 0:01:14]} 72. Kd6 {[%emt 0:00:04]} Qd2+ {[%emt 0:01:19]} 73. Ke7 {[%emt 0:00:08]} Qb4+ {[%emt 0:00:03]} 74. Ke8 {[%emt 0:00:20]} Qb5+ {[%emt 0:00:10]} 75. Ke7 {[%emt 0:00:06]} Qb7+ {[%emt 0:00:07]} 76. Ke8 {[%emt 0:00:27]} Qc6+ {[%emt 0:01:55]} 77. Ke7 {[%emt 0:00:07]} Qc5+ {[%emt 0:00:09]} 78. Ke8 {[%emt 0:00:05]} Qa7 {[%emt 0:01:35]} 79. Kd8 {[%emt 0:00:10]} Qa8+ {[%emt 0:00:56]} 80. Ke7 {[%emt 0:00:06]} Qf8+ {[%emt 0:00:27]} 81. Kd7 {[%emt 0:00:02]} Kh7 {[%emt 0:00:26]} 82. Qg5 {[%emt 0:00:10]} Kg7 {[%emt 0:00:36]} 83. Qf6+ {[%emt 0:00:02]} Kg8 {[%emt 0:00:06]} 84. Qg5 {[%emt 0:00:05]} Qa8 {[%emt 0:00:51]} 85. Qf6 {[%emt 0:00:05]} Qd5+ {[%emt 0:00:32]} 86. Ke7 {[%emt 0:00:07]} Qb7+ {[%emt 0:00:03]} 87. Kd8 {[%emt 0:00:11]} Qa7 {[%emt 0:00:13]} 88. Ke8 {[%emt 0:00:04]} Qc7 {[%emt 0:00:16]} 89. Qg5 {[%emt 0:00:04]} Qc6+ {[%emt 0:00:52]} 90. Ke7 {[%emt 0:00:07]} Qb7+ {[%emt 0:00:06]} 91. Ke8 {[%emt 0:00:05]} Qb5+ {[%emt 0:01:07]} 1/2-1/2